MARC details
| 000 -CABECERA |
| campo de control de longitud fija |
01085nam a2200265 a 4500 |
| 001 - NÚMERO DE CONTROL |
| campo de control |
000016305 |
| 005 - FECHA Y HORA DE LA ÚLTIMA TRANSACCIÓN |
| campo de control |
20260219105723.0 |
| 008 - DATOS DE LONGITUD FIJA--INFORMACIÓN GENERAL |
| campo de control de longitud fija |
100303s1979 dr a 001 0 spa d |
| 040 ## - FUENTE DE LA CATALOGACIÓN |
| Centro catalogador/agencia de origen |
DO-SdBNP |
| Lengua de catalogación |
spa |
| Centro/agencia transcriptor |
BNPHU |
| 082 ## - NÚMERO DE LA CLASIFICACIÓN DECIMAL DEWEY |
| Número de clasificación |
378.7293 |
| Número de documento/Ítem |
K19t |
| 100 1# - ENTRADA PRINCIPAL--NOMBRE DE PERSONA |
| Nombre de persona |
Kasse Acta, Rafael |
| 9 (RLIN) |
25885 |
| 245 10 - MENCIÓN DE TÍTULO |
| Título |
Temas del movimiento renovador / |
| Mención de responsabilidad, etc. |
Rafael Kasse Acta. |
| 260 ## - PUBLICACIÓN, DISTRIBUCIÓN, ETC. |
| Lugar de publicación, distribución, etc. |
Santo Domingo : |
| Nombre del editor, distribuidor, etc. |
UASD, |
| Fecha de publicación, distribución, etc. |
1979. |
| 300 ## - DESCRIPCIÓN FÍSICA |
| Extensión |
239 p. : |
| Otras características físicas |
il., retrs. ; |
| Dimensiones |
22 cm. |
| 490 1# - MENCIÓN DE SERIE |
| Mención de serie |
Publicaciones de la Universidad Autónoma de Santo Domingo |
| Designación de volumen o secuencia |
275 |
| 490 1# - MENCIÓN DE SERIE |
| Mención de serie |
Educación y sociedad |
| Designación de volumen o secuencia |
11 |
| 500 ## - NOTA GENERAL |
| Nota general |
Incluye datos biográficos del autor en la contraportada |
| 504 ## - NOTA DE BIBLIOGRAFÍA, ETC. |
| Nota de bibliografía, etc. |
Bibliografía: p. 237-239. |
| 590 ## - NOTA LOCAL (RLIN) |
| Nota local |
Inventariado, 2018/MFF |
| 650 #4 - PUNTO DE ACCESO ADICIONAL DE MATERIA--TÉRMINO DE MATERIA |
| Término de materia o nombre geográfico como elemento de entrada |
Universidades |
| Subdivisión geográfica |
República Dominicana |
| Subdivisión general |
Ensayos, conferencias, etc. |
| 9 (RLIN) |
18822 |
| 650 #0 - PUNTO DE ACCESO ADICIONAL DE MATERIA--TÉRMINO DE MATERIA |
| Término de materia o nombre geográfico como elemento de entrada |
Educación superior |
| Subdivisión geográfica |
República Dominicana |
| 9 (RLIN) |
730 |
| 650 #4 - PUNTO DE ACCESO ADICIONAL DE MATERIA--TÉRMINO DE MATERIA |
| Término de materia o nombre geográfico como elemento de entrada |
Política de educación superior |
| 9 (RLIN) |
19722 |
| 830 #0 - PUNTO DE ACCESO ADICIONAL DE SERIE-TÍTULO UNIFORME |
| Título uniforme |
Publicaciones de la Universidad Autónoma de Santo Domingo |
| Designación de volumen o secuencia |
275 |
| Nombre de parte o sección de la obra |
Educación y sociedad |
| Número de parte o sección de la obra |
11 |
| 9 (RLIN) |
36398 |
| 910 ## - DATOS DE OPCIÓN DEL USUARIO (OCLC) |
| Datos de opción del usuario |
Validado. Control de la calidad EMS. |